| 000 | 01053nam a22001577a 4500 | ||
|---|---|---|---|
| 008 | 230912b |||||||| |||| 00| 0 spa d | ||
| 080 | _a340.12 d 355 | ||
| 100 |
_4aut _ade Castro, Geraldo Antonio |
||
| 245 |
_aEl principio de la Fraternidad conglobada: _ben los Institutos de derecho internacional y en el estado de Excepcion |
||
| 300 | _a145 P. | ||
| 500 | _aDirector de tesis: Farinella, Favio | ||
| 502 | _aTesis Doctoral()--Universidad Nacional de Mar del Plata. Facultad de Derecho. Departamento de Posgrado. Septiembre 2023 | ||
| 650 |
_2IEDCYT _aiusnaturalismo _aiuspositivismo _arealismo _aiusfraternalismo _afraternidad _ajusticia restaurativa _aliberalismo economico _aarbitraje _acomercio internacional _aglobalizacion _aderecho aduanero internacional _xderecho de la union europea _xderecho del mercosur _xresolucion de conflictos internacionales _xsistema electoral fraternalista _xetica electoral _xestado de excepcion _xestado de sitio _xintervencion federal _xcomercio exterior _xprincipio de fraternidad |
||
| 945 |
_acd _d2023-09-12 |
||
| 999 |
_c5328 _d235832 |
||